| 000 | 00597nam a2200229Ia 4500 | ||
|---|---|---|---|
| 003 | OSt | ||
| 005 | 20220918230822.0 | ||
| 006 | a|||||r|||| 00| 0 | ||
| 007 | ta | ||
| 008 | 220917b |||||||| |||| 00| 0 eng d | ||
| 024 | _a259,096 | ||
| 037 | _cTextual | ||
| 040 |
_aARTS _cARTS _beng |
||
| 041 |
_2eng _aeng |
||
| 082 | _aV2:1:N5, J9 | ||
| 100 | _aRam Gopal | ||
| 245 | 0 |
_aIndian Muslims _b A political history |
|
| 260 |
_aBombay _bAsia Publishing House India _c1969 |
||
| 650 | _aHISTORY | ||
| 942 |
_hV2:1:N5, J9 _cTEXL _2CC |
||
| 999 |
_c288997 _d288997 |
||